01790 a2200205 45000010006000000050017000060080041000230030015000640400040000790800035001192450127001540200018002812500012002992640033003113000019003445051097003630410008014601000025014688560091014934121520260407155706.0260407a2002 arg spa dAR-UNSa-BCEJYS aAR-UNSa-BCEJYSbspacAR-UNSa-BCEJYS a347.72xSociedades comerciales10aResponsabilidad patrimonial solidaria de directores y administradores por deudas impositivas de las sociedades comerciales a950-894-321-1 a2a. ed. 1aBuenos Aires :bAD-HOCc2002 a172 p.c23 cm. a1. La cuestión planteada y una modificación legal - 2. Ejemplos no fiscales de responsabilidad personal en las sociedades: La forma societaria no es un escudo impenetrable - 3. No es automática ni objetiva - 4. Admite prueba en contrario pesando la carga de la prueba sobre el imputado - 5. Para ser imputado no basta con tener o haber tenido uno de los cargos enumerados - 6. Es a título represivo - 7. Debe aplicarse restrictivamente - 8. No es excusada por la previa adhesión del contribuyente a un plan de pagos luego incumplido - 9. Su aplicación depende de una decisión jurisdiccional - 10. Sólo puede nacer de la Ley - 11. Sólo alcanza a quienes administraron o dispusieron de los recursos societarios - 12. No excusa de su aplicación haber atendido otras erogaciones - 13. Una teoría general jurisprudencial relativa - 14. Procedimiento. Intimación previa al deudor principal - 15. El fallo "Calvo, Luis Enrique y otro" - 16. El fallo "Gutierrez, Emilio" - 17. El fallo "Salvatierra, Mario Rodolfo y otro" - 18. El fallo "Masjuan, Francisco" - 19. Conclusiones aspa1 aHighton, Federico R.41uhttps://biblioeco.unsa.edu.ar/pmb/images/libros/127.jpgyImagen de portadaqimage/jpeg